| 000 | 00000nam 2200000za 4500 |
| 001 | 9.571436 |
| 003 | CaOODSP |
| 005 | 20250319122323 |
| 007 | cr ||||||||||| |
| 008 | 150406s1999 onc #o f000 0 eng d |
| 022 | |z0-662-28096-2 |
| 040 | |aCaOODSP|beng |
| 043 | |an-cn--- |
| 086 | 1 |aCW69-9/214E-PDF|zCW69-9/214E |
| 100 | 1 |aLévesque, Hélène, |d1958- |
| 245 | 10|aMigratory game birds harvested in Canada during the 1991, 1992, and 1993 hunting seasons |h[electronic resource] / |cHélène Lévesque and Brian Collins. |
| 260 | |aOttawa : |bEnvironment Canada, |c1999. |
| 300 | |a4, 20 p. : |bgraph, map |
| 490 | 1 |aProgress notes ; |vno. 214 |
| 590 | |a12-04-Supp|b2012-02-20 |
| 690 | 07|aHunting (Sport)|2gcpds |
| 690 | 07|aMigratory birds|2gcpds |
| 700 | 1 |aCollins, B. T., |d1949- |
| 710 | 2 |aCanadian Wildlife Service. |
| 775 | 08|tPrises d'oiseaux migrateurs au Canada pendant les saisons de chasse de 1991, de 1992 et de 1993 |w(CaOODSP)9.602042 |
| 776 | 0#|tMigratory game birds harvested in Canada during the 1991, 1992, and 1993 hunting seasons / |w(CaOODSP)9.614920 |
| 830 | #0|aProgress notes (Canadian Wildlife Service)|vno. 214|w(CaOODSP)9.504439 |
| 856 | 40|ahttp://publications.gc.ca|qPDF|s135 KB|uhttps://publications.gc.ca/collections/Collection/CW69-9-214E-2.pdf |
| 856 | 40|ahttp://publications.gc.ca|qPDF|s555 KB|uhttps://publications.gc.ca/collections/Collection/CW69-9-214E-1.pdf|yNo. 214 |